000 01388cam a22003737i 4500
001 data
005 20260322212110.0
008 data
035 _a22452951
906 _a7
_bcbc
_ccopycat
_d1
_encip
_f20
_gy-gencatlg
925 0 _aacquire
_b1 shelf copies
_xpolicy default
010 _a 2021278360
020 _a9780825434662
_q(pbk.)
035 _a(OCoLC)48524714
040 _aJBT
_beng
_erda
_cJBT
_dDLC
_dVFY
_dOCLCQ
_dBAKER
_dYDXCP
_dP4I
_dXBE
_dOCLCQ
_dOCLCO
_dTUU
_dOCLCF
_dOCLCQ
_dNLUKB
_dOCLCQ
_dOCLCO
_dDLC
042 _alccopycat
050 0 0 _aBV2070
_b.O94 2001
082 0 4 _a266.3
245 0 0 _aOvercoming the world missions crisis :
_bthinking strategically to reach the world /
_cRussell L. Penney, general editor.
264 1 _aGrand Rapids, MI :
_bKregel Publications,
_c[2001]
300 _a389 pages ;
_c23 cm
336 _atext
_btxt
_2rdacontent
336 _atext
_btxt
_2rdacontent
337 _aunmediated
_bn
_2rdamedia
337 _aunmediated
_bn
_2rdamedia
338 _avolume
_bnc
_2rdacarrier
338 _avolume
_bnc
_2rdacarrier
504 _aIncludes bibliographical references (pages 351-389).
650 0 _aMissions.
650 0 _aMissions
_xTheology.
650 7 _aMissions.
_2fast
_0(OCoLC)fst01023771
700 1 _aPenney, Russell,
_d1960-
_eeditor.
999 _c1646
_d1646